The Office A-Z Quiz Stats

 Plays Quiz Updated Oct 1, 2019

Score 0/26 Timer 05:00
73 Plays Today
Hint % Correct
Dwight is famous for growing these on his farmBeets
97.1%
Jim put Dwight's stapler and Andy's Calculator in this substanceJell-O
90.3%
Jim gives Dwight this to detect homosexualityGaydar
82.1%
The Stamford branch often played this video gameCall of Duty
81.2%
Dwight's CousinMose
78.3%
Pam gets one of these after getting hurt playing volleyballX-ray
77.2%
Michael gives Ryan this for ChristmasiPod
77.1%
Michael says that 'New York is like Scranton on...'Acid
75.2%
Michael dates Carol who was originally his what?Realtor
74.5%
When Dwight asks something of Michael he often starts his sentence with this wordQuestion
71.9%
Michael hopes that the stains in the hotel room are thisUrine
68.4%
Michael falls into one of these on the way to a business meetingKoi Pond
68.2%
Ryan said he traveled to this country when he actually went to FloridaThailand
58.9%
Hint % Correct
Holly transfers to this branchNashua
57.8%
After Dwight tries to take Michael's job, Michael makes him stand on his desk with a sign that says thisLIAR
56.6%
Andy tells Dwight that Angela said this during a makeout sessionOh D!
56.5%
Pam Wins this award at the DundiesWhitest sneakers
52.3%
Jan's Assistant, famous for his song 'That One Night'Hunter
50.1%
Michael shares his birthday with this celebrityEva Longoria
49.7%
Michael makes the office play this game after secret santaYankee Swap
44.8%
Dwight says his middle name is this when he goes to the hospital for a concussionDanger
43.8%
Andy chooses this as his weapon in his battle with DwightPrius
40.2%
Andy plays this instrument at the Moroccan Christmas partySitar
38.5%
Part of the 'Dream Team', famous for his skills as a telemarketerVikram
36.4%
In Michaels 'Diwali song', he says not to invite any of these to the partyZombies
22.5%
Michael was on this TV show as a childFundle Bundle
21.1%

You're not logged in!

Compare scores with friends on all Sporcle quizzes.
OR
Log In

Sporcle TV

Today on Sporcle TV


Watch our educational content, quiz creation guides, and fun videos on Sporcle TV.

Show Comments

Extras

Top Quizzes Today


Score Distribution

Your Account Isn't Verified!

In order to create a playlist on Sporcle, you need to verify the email address you used during registration. Go to your Sporcle Settings to finish the process.

Report this User

Report this user for behavior that violates our Community Guidelines.

Details: